00367nam a2200181Ia 4500003000900000008004100009040001300050040001300063041000800076100002100084245002300105250001000128260001100138260000900149300001100158300001000169490000600179IT-RoPAU120407s9999 xx 000 0 und d aIT-RoPAU cIT-RoPAU aita aJacques Maritain aHumanisme integral aParis aAubier c1936 a336 p. c19 cm v1